Statistics for Most Common County Names

Click here to take the quiz!

General Stats

  • This quiz has been taken 1,423 times
  • The average score is 18 of 60

Answer Stats

RankNumber of Counties with NameCounty Name% Correct
1.31Washington County
92%
2.27Jefferson County
85%
4.24Lincoln County
84%
16.12Adams County
75%
4.24Jackson County
73%
6.20Madison County
70%
3.24Franklin County
66%
10.17Monroe County
64%
17.12Johnson County
63%
13.15Grant County
53%
44.8Harrison County
52%
44.8Orange County
50%
17.12Polk County
49%
14.14Greene County
45%
31.10Hamilton County
43%
17.12Lee County
43%
56.7Taylor County
41%
17.12Lake County
40%
17.12Clark County
39%
37.9Brown County
34%
37.9Clinton County
28%
12.16Wayne County
28%
56.7Lewis County
27%
7.18Montgomery County
27%
7.18Clay County
26%
31.10Hancock County
24%
31.10Henry County
22%
7.18Union County
21%
14.14Warren County
20%
44.8Columbia County
19%
10.17Marion County
19%
44.8Boone County
18%
17.12Douglas County
18%
25.11Fayette County
18%
44.8Fulton County
18%
25.11Calhoun County
17%
37.9Knox County
15%
44.8Cherokee County
14%
44.8Butler County
13%
25.11Morgan County
13%
31.10Pike County
13%
17.12Marshall County
12%
31.10Perry County
12%
25.11Scott County
12%
16.13Carroll County
11%
37.9Cass County
11%
25.11Crawford County
11%
56.7Pulaski County
11%
37.9Shelby County
11%
56.7Howard County
10%
25.11Lawrence County
10%
31.10Logan County
10%
44.8Cumberland County
9%
44.8Jasper County
9%
37.9Putnam County
9%
44.8Randolph County
9%
44.8Webster County
9%
44.8Mercer County
7%
37.9Benton County
6%
56.7Richland County
6%

Score Distribution

Percentile by Number Answered

Percent of People with Each Score

Your Score History

You have not taken this quiz